000 00335nam a22001457a 4500
020 _a9788186099926
041 _aENG
100 _a Katyayan Arun
245 _aFundamentals of Agriculture Vol -2
250 _a2
260 _aVaranasi
_bKushal publiactions
_c2019
300 _a539
650 _aBanking
856 _uCompetitive Exam
999 _c143
_d143